| 000 | 00719nam a2200193 a 4500 | ||
|---|---|---|---|
| 008 | 120416s2003 ||||||||||||||||| || u | ||
| 050 | _aIBRD(06)DD/2003/8 | ||
| 100 | _aBatra, Geeta | ||
| 245 | 1 | 0 | _aInvestment climate around the world: voices of the firms from the world business environment survey |
| 260 |
_aWashington, D.C. _bWorld Bank _c2003 |
||
| 300 | _a154p. : ill. | ||
| 350 | _a0.00 | ||
| 490 | _aDirections in development | ||
| 650 | _aINVESTMENTS | ||
| 700 | _aKaufmann, Daniel | ||
| 700 | _aStone, Andrew H. W | ||
| 710 | _aWorld Bank | ||
| 995 |
_D0.00 _FCBU-MAIN LIBRARY (Kitwe) _H1 _I0.00 _M1 _UAVAILABLE _WDec 20, 2007 _ZInternational Publications |
||
| 999 |
_c48280 _d48280 |
||